000 00589nmm a2200193Ia 4500
008 251105s9999||||xx |||||||||||||||||und||
020 _a9788475226699
041 _aspa
100 _aWilliams, Saul
245 0 _aLos manuscritos de un EMCEE muerto :
_b Las enseñanzas perdidas del hip - hop
264 _a[Madrid, España] :
_bVisor Libros,
_c2008
300 _a364 páginas
490 _aVisor de Poesía
650 _aEnglish poetry
700 _aWilliams, Saul
700 1 _a Barbero Marchena, Silvia
856 _uhttps://public.digitaliapublishing.com/a/41290
942 _cCF
999 _c72619
_d72619